Principios básicos de química

Сохранить в:
Библиографические подробности
Главные авторы: Gray, Harry B (Автор), Haight, Gilbert P (Автор)
Формат:
Язык:испанский
Опубликовано: Barcelona Reverté 1974
Предметы:
Метки: Добавить метку
Нет меток, Требуется 1-ая метка записи!

MARC

LEADER 00000nam a2200000 a 4500
001 UCT3996
003 CL-VaPUC
008 961105e19740000SP |||||||||||||||||spa|d
082 0 4 |a 540  |b GRA  |2 21 
100 |a Gray, Harry B  |e author  |9 373089 
700 |a Haight, Gilbert P  |e author  |9 373090 
245 1 0 |a Principios básicos de química 
300 |a 620 p 
942 |c BK 
945 |d 19961105 00:00:00  |a lriquelm 
260 |a Barcelona  |b Reverté  |c 1974 
650 0 |a Química  |9 259896 
650 0 |a Propiedades químicas   |9 345805 
650 0 |a Moléculas   |9 259584 
650 0 |a Cinética  |9 260943 
650 0 |a Estructura atómica   |9 259944 
650 0 |a Átomos  |9 259583 
650 0 |a Reacciones químicas  |9 259438 
583 |a last modification  |c 19961105 00:00:00  |k Rodrigo Vera 
999 |c 253477  |d 253475